000 00680nam a2200181Ia 4500
008 090124s9999 xx 000 0 und d
082 _b11801
100 _aदेशपांडे दिनकर निऴकंठ
245 _a यक्षनगरीत विदुषक
250 _a0
260 _bचंद्रकांत प्रकाशन
_c1974
300 _a55
600 _aदेशपांडे दिनकर निऴकंठ
630 _a यक्षनगरीत विदुषक
700 _aदेशपांडे दिनकर निऴकंठ
730 _a यक्षनगरीत विदुषक
942 _cBOOK
999 _c87134
_d87134